[Event "BL 0607 SC Eppingen - SV Wattenscheid"]
[Site "?"]
[Date "2006.11.19"]
[Round "4.1"]
[White "Macieja, Bartlomiej"]
[Black "Gyimesi, Zoltan"]
[Result "1/2-1/2"]
[WhiteElo "2622"]
[BlackElo "2616"]
[PlyCount "135"]
[EventDate "2006.??.??"]

1. e4 {[%emt 0:00:00]} e5 {[%emt 0:00:00]} 2. Nf3 Nc6 3. Bb5 Nf6 4. d3 Bc5 5.
Bxc6 dxc6 6. O-O Qd6 7. Nbd2 Be6 8. b3 Nd7 9. Ng5 f6 10. Nxe6 Qxe6 11. Nf3 Nf8
12. Be3 Bxe3 13. fxe3 Ng6 14. Nd2 a5 15. a4 b6 16. Rf3 O-O-O 17. Nc4 c5 18. Rg3
Rhg8 19. Qh5 Ne7 20. Rf1 h6 21. Nd2 Nc6 22. Nf3 Nb4 23. Ne1 Kb7 24. Rf2 Rd7 25.
Qe2 Rgd8 26. h3 Qc6 27. Kh2 c4 28. bxc4 Qxa4 29. Nf3 Qa1 30. c5 bxc5 31. d4
cxd4 32. Qb5+ Ka7 33. exd4 exd4 34. e5 Rd5 35. Qc4 Qc3 36. Qxc3 dxc3 37. Rxg7
fxe5 38. Rxc7+ Kb6 39. Rxc3 e4 40. Nh4 Rd2 41. Rf6+ R8d6 42. Rxd6+ Rxd6 43. Nf5
Rc6 44. Rb3 Rxc2 45. Nxh6 Rc4 46. Nf5 a4 47. Rg3 Nc2 48. Ne3 Kc5 49. Rg5+ Kd4
50. Nxc4 Kxc4 51. h4 a3 52. h5 e3 53. h6 a2 54. Ra5 e2 55. Rxa2 e1=Q 56. Rxc2+
Kd3 57. Ra2 Qe7 58. Rf2 Qe5+ 59. Kg1 Qe7 60. Rf1 Qe8 61. Rf2 Qh8 62. Rf1 Qxh6
63. Rf3+ Ke2 64. Rf2+ Ke3 65. Rf3+ Ke4 66. Rh3 Qc1+ 67. Kh2 Qf4+ 68. Kh1
1/2-1/2

[Event "BL 0607 SC Eppingen - SV Wattenscheid"]
[Site "?"]
[Date "2006.11.19"]
[Round "4.2"]
[White "Balogh, Csaba"]
[Black "Rustemov, Alexander"]
[Result "1-0"]
[WhiteElo "2616"]
[BlackElo "2552"]
[PlyCount "65"]
[EventDate "2006.??.??"]

1. e4 {[%emt 0:00:00]} e5 2. Nf3 Nf6 3. d4 Nxe4 4. Bd3 d5 5. dxe5 Be7 6. O-O
Nc5 7. Be2 O-O 8. Be3 c6 9. Nd4 Qc7 10. f4 f6 11. Nf3 fxe5 12. Nxe5 Nbd7 13.
Nxd7 Bxd7 14. c4 d4 15. Qxd4 Ne6 16. Qd2 Rad8 17. Nc3 Bc8 18. Qc1 Nd4 19. Bd3
Nf3+ 20. Rxf3 Rxd3 21. Ne4 Bg4 22. Nf2 Bxf3 23. Nxd3 Be4 24. Nf2 Bg6 25. Qc3
Bf6 26. Qa3 h5 27. Rd1 b6 28. c5 Kh7 29. cxb6 Qf7 30. bxa7 Ra8 31. Qb4 Rxa7 32.
f5 Bxf5 33. Qc5 1-0

[Event "BL 0607 SC Eppingen - SV Wattenscheid"]
[Site "?"]
[Date "2006.11.19"]
[Round "4.3"]
[White "Bartel, Mateusz"]
[Black "Postny, Evgeny"]
[Result "0-1"]
[WhiteElo "2569"]
[BlackElo "2609"]
[PlyCount "84"]
[EventDate "2006.??.??"]

1. d4 {[%emt 0:00:00]} Nf6 2. Nf3 e6 3. c4 b6 4. Nc3 Bb7 5. a3 d5 6. cxd5 Nxd5
7. e3 Be7 8. Bb5+ c6 9. Bd3 O-O 10. Qc2 h6 11. O-O Nd7 12. e4 Nxc3 13. bxc3 c5
14. Bf4 Rc8 15. Qd2 Re8 16. Rfe1 Bf8 17. h3 e5 18. dxe5 c4 19. Bc2 Nxe5 20. Nd4
Qd7 21. Bxe5 Rxe5 22. f4 Ra5 23. a4 Bc5 24. Kh2 Bc6 25. Qe2 Bxd4 26. cxd4 Bxa4
27. Bxa4 Rxa4 28. Rxa4 Qxa4 29. d5 c3 30. d6 c2 31. Qd3 b5 32. Rc1 b4 33. Rxc2
Qxc2 34. d7 Qc7 35. Qd6 Qxd6 36. dxc8=Q+ Kh7 37. e5 Qe6 38. Qc2+ g6 39. Qc5 b3
40. Qxa7 Qc4 41. Qf2 Qe4 42. Kh1 Qc2 0-1

[Event "BL 0607 SC Eppingen - SV Wattenscheid"]
[Site "?"]
[Date "2006.11.19"]
[Round "4.4"]
[White "Acs, Peter"]
[Black "Czarnota, Pawel"]
[Result "0-1"]
[WhiteElo "2522"]
[BlackElo "2554"]
[PlyCount "100"]
[EventDate "2006.??.??"]

1. e4 {[%emt 0:00:00]} c5 2. Nf3 d6 3. d4 cxd4 4. Nxd4 Nf6 5. Nc3 Nc6 6. Bg5
Bd7 7. Qd2 Rc8 8. f4 Nxd4 9. Qxd4 Qa5 10. e5 dxe5 11. fxe5 e6 12. O-O-O Bc6 13.
Nb5 Bxb5 14. exf6 Bc6 15. h4 g6 16. Bc4 Bc5 17. Qf4 Qc7 18. Qf1 O-O 19. h5 Qg3
20. Bf4 Qxg2 21. Qxg2 Bxg2 22. Rh2 Be4 23. Bd3 Bxd3 24. Rxd3 Rfd8 25. Rdh3 Rd7
26. c3 Bf8 27. Re2 Rc4 28. Bb8 Bh6+ 29. Kc2 Bg5 30. hxg6 hxg6 31. Be5 Rh4 32.
Rxh4 Bxh4 33. c4 g5 34. b4 Kh7 35. b5 Kg6 36. Rd2 Rxd2+ 37. Kxd2 Bf2 38. Bd6
Kxf6 39. c5 e5 40. c6 bxc6 41. bxc6 Ke6 42. Bxe5 a6 43. Ke2 Bb6 44. Bb8 f5 45.
Kf3 Bc5 46. Be5 g4+ 47. Kg2 Ke7 48. Bf4 Kd8 49. Kg3 Bb6 50. Kg2 Bc7 0-1

[Event "BL 0607 SC Eppingen - SV Wattenscheid"]
[Site "?"]
[Date "2006.11.19"]
[Round "4.5"]
[White "Appel, Ralf"]
[Black "Braun, Arik"]
[Result "0-1"]
[WhiteElo "2507"]
[BlackElo "2525"]
[PlyCount "108"]
[EventDate "2006.??.??"]

1. d4 {[%emt 0:00:00]} d5 2. Nf3 Nf6 3. c4 c6 4. e3 a6 5. Nbd2 Bf5 6. Be2 e6 7.
O-O Nbd7 8. Nh4 Bg6 9. g3 Be7 10. Nxg6 hxg6 11. Bf3 Rc8 12. e4 dxe4 13. Nxe4
Nxe4 14. Bxe4 Nf6 15. Bf3 Qa5 16. Qb3 Rc7 17. Bf4 Rd7 18. Be5 O-O 19. Rad1 Rfd8
20. Rd3 Ne8 21. Rfd1 Bd6 22. Bxd6 Nxd6 23. d5 cxd5 24. cxd5 e5 25. Re3 Re8 26.
Bg2 Rc7 27. Bh3 Rc5 28. a3 Re7 29. Re2 Rc4 30. Qe3 Qc7 31. Qg5 e4 32. Bf1 Re8
33. Ree1 Rc2 34. Rd2 Rc5 35. Qf4 Qe7 36. Qe3 Rc7 37. Qb6 Rd7 38. Rdd1 g5 39.
Bh3 Rc7 40. Re2 Rc4 41. b3 Rc3 42. Re3 Rc2 43. Qd4 Qc7 44. a4 f5 45. f3 Rc1 46.
Rxc1 Qxc1+ 47. Bf1 f4 48. Rc3 Qe1 49. Rc7 Nf5 50. Qf2 Qd1 51. fxe4 Rxe4 52. Rc3
Re1 53. Rd3 Qc1 54. gxf4 gxf4 0-1

[Event "BL 0607 SC Eppingen - SV Wattenscheid"]
[Site "?"]
[Date "2006.11.19"]
[Round "4.6"]
[White "Meier, Georg"]
[Black "Holzke, Frank Dr"]
[Result "1-0"]
[WhiteElo "2484"]
[BlackElo "2461"]
[PlyCount "141"]
[EventDate "2006.??.??"]

1. e4 {[%emt 0:00:00]} e5 2. Nf3 Nc6 3. Bb5 a6 4. Bxc6 dxc6 5. O-O f6 6. d4 Bg4
7. c3 Bd6 8. Be3 Ne7 9. Nbd2 O-O 10. h3 Bh5 11. Nc4 b5 12. Ncd2 Kh8 13. Qc2 Qd7
14. c4 exd4 15. Nxd4 Ng6 16. cxb5 cxb5 17. Nf5 Be2 18. Rfc1 Ne5 19. Nxd6 cxd6
20. Qc7 Rf7 21. Qxd7 Rxd7 22. Nb3 Nc4 23. Bd4 d5 24. Re1 Bh5 25. e5 fxe5 26.
Bxe5 Re8 27. Bc3 Rde7 28. Rxe7 Rxe7 29. Nd4 Kg8 30. a4 Be8 31. b3 Nd6 32. a5
Kf7 33. Rd1 Rc7 34. Bb4 Ne4 35. f3 Nf6 36. Nf5 Bd7 37. Nd4 Rc8 38. Kf2 h6 39.
g4 g5 40. Ke3 h5 41. Kd3 Rh8 42. Bd2 hxg4 43. hxg4 Rh3 44. Kc2 Nh7 45. Bb4 Nf6
46. Re1 Rh2+ 47. Kd3 Rh3 48. Kd2 Rh2+ 49. Kc3 Rh8 50. Re7+ Kg6 51. Bd6 Re8 52.
Kb4 Rxe7 53. Bxe7 Kf7 54. Bd8 Nh7 55. Kc5 Ke8 56. Bc7 Nf8 57. Kd6 Bc8 58. Bb6
Bd7 59. Kc7 Ne6+ 60. Kb7 Nxd4 61. Bxd4 b4 62. Kxa6 Bc6 63. Ka7 Kd7 64. Kb8 Bb5
65. Kb7 Bc6+ 66. Kb6 Ba8 67. a6 Bc6 68. Kc5 Kc7 69. Kxb4 Be8 70. Ka5 Bg6 71. b4
1-0

[Event "BL 0607 SC Eppingen - SV Wattenscheid"]
[Site "?"]
[Date "2006.11.19"]
[Round "4.7"]
[White "Handke, Florian"]
[Black "Medvegy, Zoltan"]
[Result "1-0"]
[WhiteElo "2459"]
[BlackElo "2518"]
[PlyCount "119"]
[EventDate "2006.??.??"]

1. e4 c6 2. d4 d5 3. e5 Bf5 4. Nf3 e6 5. Be2 c5 6. O-O Nc6 7. Be3 cxd4 8. Nxd4
Nge7 9. Bg5 Nxd4 10. Qxd4 Nc6 11. Qe3 Qb6 12. Qxb6 axb6 13. c4 Nd4 14. Bd1 Bd3
15. Re1 Bxc4 16. Nd2 Bb5 17. Be3 Nc6 18. Bxb6 Bb4 19. Be3 Nxe5 20. a3 O-O 21.
Be2 Bxd2 22. Bxd2 Bxe2 23. Rxe2 Nc6 24. Rd1 Rfc8 25. Re3 Na5 26. Bc3 Nc4 27.
Rg3 g6 28. Rh3 Nd6 29. Be5 Ne8 30. Rb3 f6 31. Bg3 Ra7 32. f3 Rc6 33. Bf2 b6 34.
Rxb6 Rxb6 35. Bxb6 Rb7 36. Bd4 Rb3 37. Bc3 Kf7 38. Rd4 Nc7 39. Rf4 f5 40. Rh4
h5 41. a4 Na6 42. Kf1 Ke7 43. Ke2 Kd6 44. g4 hxg4 45. fxg4 d4 46. Bxd4 Rb4 47.
gxf5 gxf5 48. Bf6 f4 49. Kf3 e5 50. Rh5 e4+ 51. Kxf4 Rxa4 52. Be5+ Kd7 53. Rh7+
Ke6 54. Rh6+ Kf7 55. Rf6+ Ke7 56. Rb6 Kf7 57. Bd6 Ke6 58. b3 Ra2 59. Ba3+ Kd5
60. Rd6# 1-0

[Event "BL 0607 SC Eppingen - SV Wattenscheid"]
[Site "?"]
[Date "2006.11.19"]
[Round "4.8"]
[White "Vogt, Lothar"]
[Black "Straeter, Timo"]
[Result "1/2-1/2"]
[WhiteElo "2479"]
[BlackElo "2345"]
[PlyCount "62"]
[EventDate "2006.??.??"]

1. e4 {[%emt 0:00:00]} e5 2. Bc4 Nf6 3. Nc3 Nc6 4. d3 Bb4 5. Bd2 O-O 6. Nge2
Na5 7. Ng3 Nxc4 8. dxc4 d6 9. O-O a5 10. Qe2 Bg4 11. f3 Bc5+ 12. Be3 Bxe3+ 13.
Qxe3 Be6 14. c5 dxc5 15. Qxc5 Qd4+ 16. Qxd4 exd4 17. Nce2 c5 18. Rfd1 b5 19. c3
dxc3 20. Nxc3 b4 21. Nd5 Rfd8 22. Nc7 Rac8 23. Nxe6 fxe6 24. Kf2 c4 25. Rxd8+
Rxd8 26. Ke3 Rd3+ 27. Ke2 Nd7 28. Rc1 Rd4 29. Ke3 Rd3+ 30. Ke2 Rd4 31. Ke3 Rd3+
1/2-1/2

[Event "BL 0607 OSC Baden Baden - SC Remagen"]
[Site "?"]
[Date "2006.11.19"]
[Round "4.1"]
[White "Fressinet, Laurent"]
[Black "Shirov, Alexei"]
[Result "0-1"]
[WhiteElo "2628"]
[BlackElo "2720"]
[PlyCount "82"]
[EventDate "2006.??.??"]

{H-H} 1. d4 d5 2. c4 c6 3. Nf3 Nf6 4. e3 Bf5 5. Nc3 e6 6. Nh4 Bg6 7. Nxg6 hxg6
8. g3 Nbd7 9. Bd2 Bd6 10. b3 e5 11. cxd5 cxd5 12. Bg2 e4 13. O-O O-O 14. f3
exf3 15. Bxf3 Nb6 16. a4 Bb4 17. Ne2 Qd6 18. Nf4 Bxd2 19. Qxd2 Rfe8 20. Rac1
Re7 21. a5 Nbd7 22. Qg2 Rxe3 23. a6 Nb6 24. axb7 Rb8 25. Rc5 Rxb7 26. Bxd5 Rd7
27. Rc6 Qb4 28. Bc4 Rxd4 29. Qh3 Re1 30. Rc7 Nxc4 31. Rc8+ Ne8 32. bxc4 Rde4
33. Nd3 Rxf1+ 34. Qxf1 Qd2 35. c5 Re2 36. Rd8 Qe3+ 37. Kh1 a5 38. c6 Qe4+ 39.
Kg1 Qxc6 40. Qxe2 Qb6+ 41. Nc5 Qxd8 0-1

[Event "BL 0607 OSC Baden Baden - SC Remagen"]
[Site "?"]
[Date "2006.11.19"]
[Round "4.3"]
[White "Goloshchapov, Alexander"]
[Black "Nisipeanu, Liviu-Dieter"]
[Result "1/2-1/2"]
[WhiteElo "2552"]
[BlackElo "2690"]
[PlyCount "46"]
[EventDate "2006.??.??"]

{H-H} 1. Nf3 Nf6 2. c4 e6 3. Nc3 Bb4 4. Qc2 O-O 5. a3 Bxc3 6. Qxc3 b6 7. g3 Bb7
8. Bg2 d5 9. d4 Nbd7 10. O-O c5 11. dxc5 Nxc5 12. Be3 Rc8 13. Nd2 dxc4 14. Bxc5
Nd5 15. Qxc4 Rxc5 16. Qd4 Qc7 17. Nb3 Rc4 18. Rac1 Rc8 19. Rxc4 Qxc4 20. Qxc4
Rxc4 21. Rc1 Rxc1+ 22. Nxc1 Kf8 23. f4 Ke7 1/2-1/2

[Event "BL 0607 OSC Baden Baden - SC Remagen"]
[Site "?"]
[Date "2006.11.19"]
[Round "4.4"]
[White "Harikrishna, Pentala"]
[Black "Degraeve, Jean-Marc"]
[Result "1-0"]
[WhiteElo "2674"]
[BlackElo "2551"]
[PlyCount "91"]
[EventDate "2006.??.??"]

{H-H} 1. d4 Nf6 2. Nf3 e6 3. Bg5 c5 4. c3 b6 5. e4 h6 6. Bxf6 Qxf6 7. Nbd2 cxd4
8. cxd4 Bb4 9. Bd3 Ba6 10. Bxa6 Nxa6 11. O-O Bxd2 12. Qxd2 O-O 13. Ne5 Qe7 14.
f4 d6 15. Nd3 f5 16. Rae1 Nc7 17. Qe3 Qd7 18. h3 Rae8 19. Re2 fxe4 20. Qxe4 Nd5
21. Rf3 Nf6 22. Qe3 Nd5 23. Qd2 Re7 24. Qe1 Rf6 25. Re4 Ref7 26. Kh2 Ne7 27.
Qd2 Nf5 28. Nf2 Nh4 29. Rg3 Qb7 30. d5 Qxd5 31. Rd4 Qh5 32. Rxd6 Rxf4 33. Ng4
Kh7 34. Rxe6 Qf5 35. Re5 Qb1 36. Re1 Qf5 37. Ne3 Qd7 38. Qc2+ Kh8 39. Ng4 Qf5
40. Qc6 Kh7 41. Re6 Qh5 42. Ne5 R7f5 43. Ng6 Rf2 44. Nxh4 Qxh4 45. Rg4 Qd8 46.
Rxh6+ 1-0

[Event "BL 0607 OSC Baden Baden - SC Remagen"]
[Site "?"]
[Date "2006.11.19"]
[Round "4.5"]
[White "Popovic, Petar"]
[Black "Vallejo Pons, Francisco"]
[Result "0-1"]
[WhiteElo "2483"]
[BlackElo "2674"]
[PlyCount "56"]
[EventDate "2006.??.??"]

{H-H} 1. e4 e5 2. Nf3 Nc6 3. Nc3 Nf6 4. Bb5 Nd4 5. Nxd4 exd4 6. e5 dxc3 7. exf6
Qxf6 8. dxc3 Bc5 9. Qe2+ Qe6 10. O-O Qxe2 11. Bxe2 d6 12. Bf3 O-O 13. Re1 a5
14. Be3 Bxe3 15. Rxe3 Be6 16. Rd1 a4 17. h4 Ra5 18. b4 axb3 19. axb3 b5 20.
Ree1 Ra2 21. Be4 Rb8 22. Ra1 Rb2 23. b4 Rc8 24. Bc6 Kf8 25. Re2 g6 26. g3 Rb8
27. Bf3 Rb6 28. Bd5 Bxd5 0-1

[Event "BL 0607 OSC Baden Baden - SC Remagen"]
[Site "?"]
[Date "2006.11.19"]
[Round "4.6"]
[White "Nielsen, Peter-Heine"]
[Black "Bindrich, Falko"]
[Result "1-0"]
[WhiteElo "2640"]
[BlackElo "2482"]
[PlyCount "57"]
[EventDate "2006.??.??"]

{H-H} 1. d4 Nf6 2. c4 e6 3. Nf3 Bb4+ 4. Nbd2 O-O 5. a3 Be7 6. e4 d5 7. Bd3 dxe4
8. Nxe4 Nbd7 9. O-O Nxe4 10. Bxe4 Nf6 11. Bc2 c5 12. dxc5 Bxc5 13. Qe2 b6 14.
Bg5 Bb7 15. Ne5 h6 16. Bh4 g5 17. Bg3 Qe7 18. Kh1 Rad8 19. f4 Nd7 20. fxg5 Nxe5
21. Rf6 Ng6 22. Bxg6 Bd4 23. Bh7+ Kxh7 24. Rxh6+ Kg8 25. Be5 Bxg2+ 26. Qxg2
Bxe5 27. Qe4 f5 28. gxf6 Bxf6 29. Rg1+ 1-0

[Event "BL 0607 OSC Baden Baden - SC Remagen"]
[Site "?"]
[Date "2006.11.19"]
[Round "4.7"]
[White "Mainka, Romuald"]
[Black "Movsesian, Sergei"]
[Result "0-1"]
[WhiteElo "2485"]
[BlackElo "2637"]
[PlyCount "88"]
[EventDate "2006.??.??"]

{H-H} 1. e4 c5 2. Nf3 Nc6 3. Bb5 d6 4. O-O Bd7 5. Re1 Nf6 6. c3 a6 7. Ba4 c4 8.
Bc2 Bg4 9. d4 cxd3 10. Qxd3 g6 11. Nbd2 Bg7 12. h3 Bxf3 13. Nxf3 O-O 14. Nd4
Rc8 15. Nxc6 Rxc6 16. Qe2 Nd7 17. Be3 Rc8 18. a4 Ne5 19. Bb3 Qc7 20. a5 Nc4 21.
Bxc4 Qxc4 22. Qc2 Qe6 23. Bb6 Rc4 24. Rad1 Rfc8 25. Qe2 Ra4 26. Qd3 Ra2 27. Re2
Qb3 28. Rdd2 Bh6 29. Rc2 Ra1+ 30. Kh2 Qa2 31. Kg3 Qe6 32. Kh2 Qa2 33. Kg3 Qb1
34. Qd5 Rc6 35. f4 e6 36. Qd3 Qg1 37. Qf3 Qh1 38. Rf2 Bg7 39. Rcd2 h5 40. Rde2
Bf6 41. e5 Be7 42. b4 Qc1 43. Rc2 h4+ 44. Kg4 dxe5 0-1

[Event "BL 0607 SC Bann - SG Köln Porz"]
[Site "?"]
[Date "2006.11.19"]
[Round "4.2"]
[White "Stocek, Jiri"]
[Black "Van Wely, Loek"]
[Result "0-1"]
[WhiteElo "2572"]
[BlackElo "2676"]
[PlyCount "40"]
[EventDate "2006.??.??"]

{H-H} 1. d4 d5 2. c4 c6 3. Nf3 Nf6 4. Nc3 e6 5. g3 dxc4 6. Bg2 b5 7. O-O Nbd7
8. Bg5 Bb7 9. a4 Qb6 10. Ne5 a6 11. b3 Nxe5 12. dxe5 Nd5 13. Nxd5 cxd5 14. bxc4
bxc4 15. e4 d4 16. Rb1 Qa7 17. Qc2 c3 18. a5 Bc6 19. Rb6 Bb5 20. Qb3 Bc5 0-1

[Event "BL 0607 SC Bann - SG Köln Porz"]
[Site "?"]
[Date "2006.11.19"]
[Round "4.4"]
[White "Dolezal, Radoslav"]
[Black "Graf, Alexander"]
[Result "0-1"]
[WhiteElo "2422"]
[BlackElo "2601"]
[PlyCount "136"]
[EventDate "2006.??.??"]

{H-H} 1. d4 Nf6 2. c4 e6 3. Nc3 Bb4 4. Qc2 c5 5. Nf3 d5 6. a3 Bxc3+ 7. bxc3 O-O
8. e3 Nc6 9. Bd3 Na5 10. Nd2 b6 11. cxd5 exd5 12. O-O c4 13. Be2 Re8 14. Re1
Ne4 15. Nxe4 Bf5 16. f3 dxe4 17. f4 Rc8 18. Ra2 Qh4 19. Bd2 Re6 20. g3 Rg6 21.
Bf1 Qe7 22. Rb1 Qd7 23. Be1 Nb7 24. a4 Nd6 25. Bg2 h5 26. h4 Bh3 27. Bf1 Re8
28. Qh2 Bg4 29. Bg2 Nf5 30. Bf2 a6 31. Kf1 Qd5 32. Ke1 b5 33. a5 Ree6 34. Kd2
Ne7 35. Qg1 Qf5 36. Qc1 Nd5 37. Qa3 Rc6 38. Bf1 Rge6 39. Rc2 Re8 40. Ke1 Bf3
41. Qc1 Qg4 42. Kd2 Ne7 43. Qe1 Rg6 44. Kc1 Qd7 45. Ra2 Nc6 46. Qd2 Ne7 47. Qe1
Nd5 48. Kc2 Rb8 49. Qc1 Rc6 50. Qa3 Qg4 51. Kd2 f6 52. Rc2 Kf7 53. Ra2 g5 54.
Rc2 gxh4 55. gxh4 Rg8 56. Qc1 Qf5 57. Qa3 Bg4 58. Qc1 Bh3 59. Be2 Rg2 60. Qe1
Rc8 61. Kc1 Rcg8 62. Kb2 Bg4 63. Bf1 Rh2 64. Bg1 Rxc2+ 65. Kxc2 Bh3 66. Bf2
Bxf1 67. Qxf1 Qg4 68. Kd2 Qf3 0-1

[Event "BL 0607 SC Bann - SG Köln Porz"]
[Site "?"]
[Date "2006.11.19"]
[Round "4.5"]
[White "Kobalia, Mikhail"]
[Black "Cernousek, Lukas"]
[Result "1-0"]
[WhiteElo "2643"]
[BlackElo "2408"]
[PlyCount "63"]
[EventDate "2006.??.??"]

{H-H} 1. e4 c5 2. Nf3 d6 3. Bc4 Nf6 4. d3 Nc6 5. c3 d5 6. exd5 Nxd5 7. O-O e6
8. d4 cxd4 9. cxd4 Be7 10. Nc3 Nxc3 11. bxc3 O-O 12. Bd3 Bf6 13. Re1 b6 14. h4
Bb7 15. Ng5 g6 16. Qg4 h5 17. Qg3 Ne7 18. Bf4 Rc8 19. Rac1 Nf5 20. Bxf5 exf5
21. Be5 Bd5 22. Re3 Rc4 23. Rce1 Bxe5 24. Rxe5 Qd7 25. Nh3 Qc6 26. R1e3 Kh7 27.
Nf4 Rd8 28. Qg5 Rd6 29. Re8 Be4 30. Qe7 Rd7 31. Qe5 f6 32. Qb8 1-0

[Event "BL 0607 SC Bann - SG Köln Porz"]
[Site "?"]
[Date "2006.11.19"]
[Round "4.6"]
[White "Mozny, Mylos"]
[Black "Korneev, Oleg"]
[Result "0-1"]
[WhiteElo "2392"]
[BlackElo "2657"]
[PlyCount "152"]
[EventDate "2006.??.??"]

{H-H} 1. d4 d5 2. Nf3 Nf6 3. c4 e6 4. g3 dxc4 5. Bg2 c6 6. a4 c5 7. O-O Nc6 8.
dxc5 Qxd1 9. Rxd1 Bxc5 10. Nbd2 c3 11. bxc3 O-O 12. Nb3 Be7 13. Nfd4 Bd7 14.
Nxc6 Bxc6 15. Bxc6 bxc6 16. c4 Ne4 17. Ba3 Bxa3 18. Rxa3 Rfb8 19. Na5 Rb6 20.
c5 Nxc5 21. Rc1 Ne4 22. Nxc6 g5 23. Rd3 Kg7 24. Ne5 Rb7 25. Rd4 Nf6 26. Rdc4
Rab8 27. e4 Rb1 28. Rxb1 Rxb1+ 29. Kg2 Rb7 30. h3 h5 31. Nf3 g4 32. hxg4 Nxg4
33. Nh2 Nxh2 34. Kxh2 Rb2 35. Kg2 Ra2 36. Kf3 Kg6 37. e5 a5 38. Rf4 Ra3+ 39.
Kg2 Rb3 40. Kf1 Rb1+ 41. Ke2 Rc1 42. Kd3 Re1 43. Kd4 f5 44. Rh4 Re2 45. f3 Rg2
46. Ke3 Rxg3 47. Rc4 Rg1 48. Rc6 Kg5 49. Rxe6 Re1+ 50. Kf2 Ra1 51. Kg3 Rxa4 52.
Ra6 h4+ 53. Kh3 Ra3 54. e6 Rxf3+ 55. Kg2 Re3 56. Rxa5 Rxe6 57. Ra8 Re3 58. Kf2
Rb3 59. Ra4 h3 60. Rc4 Rb2+ 61. Kg3 Rb3+ 62. Kh2 Re3 63. Rc8 Kg4 64. Rg8+ Kf4
65. Rf8 Ra3 66. Rf7 Rb3 67. Rf8 Re3 68. Rf7 Re4 69. Re7 Kf3 70. Rf7 f4 71. Kxh3
Kf2 72. Kh2 f3 73. Ra7 Re2 74. Ra3 Kf1+ 75. Kh1 f2 76. Kh2 Re8 0-1

[Event "BL 0607 SC Bann - SG Köln Porz"]
[Site "?"]
[Date "2006.11.19"]
[Round "4.7"]
[White "Van den Doel, Erik"]
[Black "Nun, Jiri"]
[Result "1-0"]
[WhiteElo "2578"]
[BlackElo "2382"]
[PlyCount "67"]
[EventDate "2006.??.??"]

{H-H} 1. e4 c5 2. Nf3 Nc6 3. Bb5 e6 4. c3 Nge7 5. d4 d5 6. dxc5 Bd7 7. Nbd2 a6
8. Ba4 g6 9. exd5 exd5 10. Nb3 Bg7 11. Bf4 O-O 12. O-O Bg4 13. h3 Bxf3 14. Qxf3
Ne5 15. Bxe5 Bxe5 16. Rfe1 Bg7 17. Rad1 Rc8 18. c4 d4 19. Qxb7 Nf5 20. Qd5 Rc7
21. Qxd8 Rxd8 22. Rd3 Kf8 23. c6 Ne7 24. Na5 Rb8 25. Rb3 Rxb3 26. axb3 d3 27.
Rd1 Bxb2 28. Rxd3 Ba3 29. Rd7 Rc8 30. c7 Kg7 31. Bc6 Bb4 32. Bb7 Bxa5 33. Bxc8
Nxc8 34. Rd8 1-0

[Event "BL 0607 SC Bann - SG Köln Porz"]
[Site "?"]
[Date "2006.11.19"]
[Round "4.8"]
[White "Baerwinkel, Tobias"]
[Black "Kritz, Leonid"]
[Result "1-0"]
[WhiteElo "2291"]
[BlackElo "2597"]
[PlyCount "63"]
[EventDate "2006.??.??"]

{H-H} 1. e4 c5 2. Nf3 Nc6 3. Bb5 Qb6 4. Nc3 e6 5. O-O Nge7 6. a3 Nd4 7. Bc4
Nec6 8. Nxd4 cxd4 9. Ne2 g6 10. d3 Bg7 11. f4 Ne7 12. f5 exf5 13. exf5 d5 14.
Bb5+ Qxb5 15. f6 Bf8 16. fxe7 Bg7 17. Nf4 Qc6 18. Qf3 f5 19. Re1 Bd7 20. Nxd5
Kf7 21. Bf4 Rac8 22. Be5 Rhe8 23. Bxg7 Kxg7 24. Re2 Qd6 25. Rae1 Bc6 26. Re5 b6
27. R1e2 Qb8 28. Qf2 Bxd5 29. Rxd5 Qb7 30. Qxd4+ Kf7 31. Rd7 Qc6 32. Rxa7 1-0

[Event "BL 0607 SC Bann - SK König-Tegel"]
[Site "?"]
[Date "2006.12.09"]
[Round "5.1"]
[White "Rabiega, Robert"]
[Black "Laznicka, Viktor"]
[Result "1/2-1/2"]
[WhiteElo "2529"]
[BlackElo "2596"]
[PlyCount "52"]
[EventDate "2006.??.??"]

1. e4 c5 2. c3 Nf6 3. e5 Nd5 4. Bc4 Nb6 5. Bb3 c4 6. Bc2 d6 7. exd6 Qxd6 8. Ne2
Nc6 9. O-O Bg4 10. b3 g6 11. h3 Be6 12. Na3 Bg7 13. bxc4 Nxc4 14. Nb5 Qd8 15.
Bb3 a6 16. Na3 Nxa3 17. Bxe6 Nb5 18. Bb3 O-O 19. a4 Nd6 20. d3 Rc8 21. Bf4 Qd7
22. Qd2 Rfd8 23. Rfd1 Nf5 24. Qa2 e6 25. a5 h6 26. Rab1 Kh7 1/2-1/2

[Event "BL 0607 SC Bann - SK König-Tegel"]
[Site "?"]
[Date "2006.12.09"]
[Round "5.2"]
[White "Stocek, Jiri"]
[Black "Stern, Rene"]
[Result "0-1"]
[WhiteElo "2572"]
[BlackElo "2476"]
[PlyCount "114"]
[EventDate "2006.??.??"]

1. d4 Nf6 2. c4 e6 3. Nc3 d5 4. cxd5 exd5 5. Bg5 Be7 6. e3 Nbd7 7. Bd3 Nf8 8.
Nf3 Ne6 9. Bh4 g6 10. b4 Ng7 11. b5 Bf5 12. Ne5 O-O 13. O-O Be6 14. Bg5 Nf5 15.
Rc1 Kg7 16. h3 h6 17. Bf4 Bd6 18. a4 Nh5 19. Bh2 Nh4 20. f4 Bxe5 21. dxe5 d4
22. exd4 Qxd4+ 23. Kh1 Qe3 24. Be4 Ng3+ 25. Bxg3 Qxg3 26. Qe1 Nf5 27. Bxb7 Rad8
28. Rf3 Qxe1+ 29. Rxe1 Rd4 30. Rd1 Rxd1+ 31. Nxd1 Rd8 32. Nc3 Rd2 33. Kg1 Nd4
34. Rf2 Rd3 35. Ne4 Rd1+ 36. Kh2 Rc1 37. g4 Rc4 38. Nf6 Rxa4 39. Be4 Kf8 40. f5
gxf5 41. gxf5 Ra2 42. Nd7+ Ke7 43. Rxa2 Bxa2 44. Nc5 Nxb5 45. f6+ Kf8 46. Kg3
Nd4 47. Kg4 Ne6 48. Nb7 c5 49. Na5 Ng5 50. Bf5 Bd5 51. h4 Nf3 52. Kh5 c4 53.
Kxh6 Nxh4 54. Bb1 Nf3 55. Ba2 Nd2 56. e6 fxe6 57. Kg6 Nb3 0-1

[Event "BL 0607 SC Bann - SK König-Tegel"]
[Site "?"]
[Date "2006.12.09"]
[Round "5.3"]
[White "Muse, Mladen"]
[Black "Cvek, Robert"]
[Result "0-1"]
[WhiteElo "2443"]
[BlackElo "2512"]
[PlyCount "98"]
[EventDate "2006.??.??"]

1. d4 Nf6 2. Nf3 e6 3. e3 b6 4. Bd3 Bb7 5. O-O d5 6. b3 Nbd7 7. Bb2 Bd6 8. Nbd2
O-O 9. Ne5 Ne4 10. Nxd7 Qxd7 11. Nf3 f5 12. Ne5 Bxe5 13. dxe5 a5 14. a4 Rfd8
15. f3 Nc5 16. Bb5 c6 17. Be2 Qc7 18. Qe1 Ba6 19. Bxa6 Nxa6 20. Qh4 Nb4 21. Rf2
c5 22. Rd1 Rac8 23. g4 Rf8 24. gxf5 Rxf5 25. f4 Rcf8 26. Qg3 Qf7 27. c4 Qh5 28.
Rdd2 R5f7 29. Bc3 Qf5 30. Bxb4 axb4 31. cxd5 exd5 32. Rxd5 Qb1+ 33. Rf1 Qxb3
34. Rd6 Qxa4 35. e6 Rf6 36. f5 Kh8 37. e4 Qe8 38. Rd7 Rg8 39. Rf2 Qh5 40. Rg2
Qh6 41. h4 b3 42. Kh2 Rff8 43. e7 Re8 44. e5 Qh5 45. f6 gxf6 46. Qxg8+ Rxg8 47.
Rxg8+ Kxg8 48. Rd8+ Kg7 49. exf6+ Kxf6 0-1

[Event "BL 0607 SC Bann - SK König-Tegel"]
[Site "?"]
[Date "2006.12.09"]
[Round "5.5"]
[White "Von Herman, Ulf"]
[Black "Muraniy, Karl-Jasmin"]
[Result "1-0"]
[WhiteElo "2364"]
[BlackElo "2357"]
[PlyCount "72"]
[EventDate "2006.??.??"]

1. d4 d5 2. c4 c6 3. Nf3 Bf5 4. Nc3 e6 5. Qb3 Qb6 6. c5 Qc7 7. Bf4 Qc8 8. e4
Bxe4 9. Nxe4 dxe4 10. Nd2 Nf6 11. Nc4 Nbd7 12. O-O-O Nd5 13. Nd6+ Bxd6 14. Bxd6
N7f6 15. g4 e3 16. fxe3 Ne4 17. Be5 Qd7 18. Rg1 f6 19. Bf4 g5 20. Bg3 Nxg3 21.
Rxg3 O-O-O 22. e4 Nf4 23. Qa4 Qc7 24. Qxa7 h5 25. Rb3 Qb8 26. Qa4 Rd7 27. gxh5
Rxh5 28. Ba6 Kd8 29. Qxc6 bxc6 30. Rxb8+ Ke7 31. Rd2 e5 32. d5 cxd5 33. c6 Rc7
34. exd5 Nxd5 35. Rb7 Ke8 36. Bb5 Rh8 1-0

[Event "BL 0607 SC Bann - SK König-Tegel"]
[Site "?"]
[Date "2006.12.09"]
[Round "5.6"]
[White "Bunzmann, Dimitri"]
[Black "Sarbok, Torsten"]
[Result "1-0"]
[WhiteElo "2530"]
[BlackElo "2325"]
[PlyCount "83"]
[EventDate "2006.??.??"]

1. d4 d5 2. c4 c6 3. Nc3 Nf6 4. e3 Bg4 5. f3 Bf5 6. cxd5 Nxd5 7. e4 Nxc3 8.
bxc3 Bc8 9. Bd3 e5 10. Ne2 Qh4+ 11. g3 Qh3 12. Kf2 Bd6 13. f4 exf4 14. e5 Be7
15. Nxf4 Qg4 16. Qc2 g6 17. Kg2 Qd7 18. Rf1 Na6 19. Bc4 Nc7 20. Qb3 O-O 21. Be3
b5 22. Be2 g5 23. Nh5 Qh3+ 24. Kg1 Nd5 25. Bd2 Be6 26. Qd1 g4 27. Nf4 Nxf4 28.
Rxf4 f5 29. exf6 Rxf6 30. Bxg4 Bxg4 31. Qxg4+ Qxg4 32. Rxg4+ Rg6 33. Rxg6+ hxg6
34. Re1 Kf7 35. Rf1+ Ke6 36. Re1+ Kf7 37. Kg2 a5 38. Kf3 a4 39. Kg4 Rd8 40.
Rxe7+ Kxe7 41. Bg5+ Kd7 42. Bxd8 1-0